000 00468nam a2200193Ia 4500
008 170918s9999 xx 000 0 und d
020 _a590107348
050 _bS341 1996
100 _aSchlein, Miriam
245 _aMore than one /
245 _cMiriam Schlein ; pictures by Donald Crews.
260 _aNew York :
260 _bScholastic,
260 _c1996
300 _aunpaged :
300 _bcolored illustration ;
300 _c21cm.
500 _a340
999 _c341190
_d341190